000 00469pab a2200169 454500
008 180718b2013 xxu||||| |||| 00| 0 eng d
100 _aGuo, Chao
245 _aMapping the representational dimensions of no-profit organizations in China
260 _c2013
300 _ap.325-326.
650 _aNonprofit organizations - China
650 _aNonprofit organizations
700 _aZhang, Zhibin
773 _aPublic Administration
908 _aN
909 _a99805
999 _c99804
_d99804